| 000 | 00487nam a2200169Ia 4500 | ||
|---|---|---|---|
| 008 | 230917s9999||||xx |||||||||||||| ||und|| | ||
| 020 | _cRS1795 | ||
| 040 |
_e254530 _aMAIN |
||
| 041 | _aEnglish | ||
| 082 | _a301.4 C82I | ||
| 100 | _aCoser, Lewis A, ed. | ||
| 245 | 0 | _aIdea of social structure: Papers in honour of Robert K. Merton | |
| 260 |
_aJaipur _bRawat Publications _c2018 |
||
| 300 | _aix, 547 p. | ||
| 500 | _a3430 14/02/2019 HBD19/7736 18/02/2019 Main Budget | ||
| 942 | _cBK | ||
| 999 |
_c30608 _d30608 |
||